[Event "Hamburg-chA"]
[Site "Hamburg"]
[Date "2018.05.21"]
[Round "3"]
[White "Reiner, Oliver"]
[Black "Eppler, Alexander"]
[Result "1-0"]
[WhiteElo "1585"]
[BlackElo "1500"]
[PlyCount "94"]
[EventDate "2018.05.19"]
[EventType "swiss"]
[EventRounds "7"]
[EventCountry "GER"]
[SourceTitle "EXT 2020"]
[Source "ChessBase"]
[SourceDate "2019.10.17"]
[SourceVersion "1"]
[SourceVersionDate "2019.10.17"]
[SourceQuality "1"]

1. e4 c5 2. Nc3 Nc6 3. f4 e5 4. fxe5 Nxe5 5. Nf3 Nxf3+ 6. Qxf3 Qh4+ 7. g3 Qf6 8. Qe2 Bd6 9. d3 b6 10. Nd5 Qe6 11. Bf4 Ne7 12. Bxd6 Qxd6 13. Bg2 Nc6 14. c3 0-0 15. 0-0 Bb7 16. Rad1 Rfe8 17. Qh5 Ne5 18. d4 Bxd5 19. dxe5 Rxe5 20. Qxf7+ Bxf7 21. Rxd6 Be6 22. h3 Rf8 23. b3 Rf7 24. c4 Kf8 25. Rdd1 Ke7 26. Rf4 g5 27. Rf2 h6 28. Rdf1 h5 29. Rxf7+ Bxf7 30. Rf5 Ke6 31. Rf1 Ke7 32. g4 hxg4 33. hxg4 Bg6 34. Re1 d6 35. Kf2 a6 36. Kf3 Kd7 37. Ke3 Re7 38. Rd1 Re5 39. Rf1 Re7 40. Rd1 Re5 41. Rf1 Ke7 42. Rh1 Kf6 43. Rh8 Re8 44. Rh6 Kg7 45. Rh1 Rh8 46. Rd1 Rd8 47. Rd5 Kh6 1-0

[Event "Hamburg-chA"]
[Site "Hamburg"]
[Date "2017.06.10"]
[Round "6"]
[White "Kock, Rudolf"]
[Black "Eppler, Alexander"]
[Result "1-0"]
[WhiteElo "1657"]
[BlackElo "1482"]
[PlyCount "131"]
[EventDate "2017.06.03"]
[EventType "swiss"]
[EventRounds "7"]
[EventCountry "GER"]
[SourceTitle "CBM 179 Extra"]
[Source "ChessBase"]
[SourceDate "2017.08.23"]
[SourceVersion "1"]
[SourceVersionDate "2017.08.23"]
[SourceQuality "1"]

1. f4 Nf6 2. Nf3 Nc6 3. b3 d5 4. e3 Bf5 5. Bb2 e6 6. a3 Be7 7. Bb5 Qd7 8. Ne5 Qd6 9. a4 Bg4 10. Nxg4 Nxg4 11. Qxg4 Qc5 12. Qd1 0-0-0 13. Bxc6 Qxc6 14. Ba3 Bf6 15. Bb2 Bxb2 16. Ra2 Bf6 17. d4 g5 18. 0-0 Be7 19. Qd3 f5 20. c3 g4 21. Nd2 h5 22. Rb1 h4 23. Nf1 Qd6 24. b4 c6 25. Rc2 Kb8 26. Rb3 Qc7 27. Nd2 Ka8 28. c4 dxc4 29. Nxc4 Bf6 30. Ne5 Bxe5 31. fxe5 Rd5 32. Qc3 Qb6 33. b5 Rc8 34. a5 Qc7 35. b6 Qb8 36. Qa1 a6 37. Rbc3 g3 38. h3 Rcd8 39. Rc5 Qxe5 40. Rxd5 Qxe3+ 41. Kf1 Rxd5 42. Re2 Qf4+ 43. Ke1 Rxd4 44. Qa3 Qd6 45. Qb3 Rd5 46. Qb1 Rxa5 47. Qb2 e5 48. Rd2 Rd5 49. Rxd5 Qxd5 50. Qb4 c5 51. Qxh4 Qg8 52. Qf6 Qb8 53. Qxf5 Qd6 54. Qc8+ Qb8 55. Qxc5 Qd8 56. Qc7 Qb8 57. Ke2 Qe8 58. Ke3 a5 59. Qc5 Qd8 60. Qxa5+ Kb8 61. Qa7+ Kc8 62. Qa8+ Kd7 63. Qxb7+ Ke6 64. Qc6+ Kf5 65. Qe4+ Kf6 66. Qh4+ 1-0

[Event "Hamburg-chA"]
[Site "Hamburg"]
[Date "2017.06.05"]
[Round "3"]
[White "Eppler, Alexander"]
[Black "Grube, Bernd"]
[Result "1/2-1/2"]
[WhiteElo "1482"]
[BlackElo "1558"]
[PlyCount "99"]
[EventDate "2017.06.03"]
[EventType "swiss"]
[EventRounds "7"]
[EventCountry "GER"]
[SourceTitle "CBM 179 Extra"]
[Source "ChessBase"]
[SourceDate "2017.08.23"]
[SourceVersion "1"]
[SourceVersionDate "2017.08.23"]
[SourceQuality "1"]

1. d4 d5 2. Bf4 e6 3. e3 Nf6 4. Nf3 Nbd7 5. c4 c6 6. Nc3 Nh5 7. Bg5 Be7 8. Bxe7 Qxe7 9. cxd5 exd5 10. Bd3 0-0 11. 0-0 Nhf6 12. Qc2 h6 13. a3 Re8 14. b4 Ne4 15. Ne2 Ndf6 16. Nf4 Ng4 17. Nh3 Nexf2 18. Nxf2 Nxe3 19. Qe2 Nxf1 20. Qxe7 Rxe7 21. Kxf1 Bg4 22. Ne5 Bh5 23. g4 Bg6 24. Bxg6 fxg6 25. Nxg6 Rf7 26. Kg1 Kh7 27. Ne5 Rf4 28. Rd1 Raf8 29. Nh3 Re4 30. Rd3 g5 31. Nf2 Ref4 32. Rd2 Kg7 33. Kg2 a6 34. h3 R8f6 35. Kf1 h5 36. Kg2 h4 37. Nd1 Re4 38. Nc3 Re3 39. Rd3 Re1 40. Rd1 Re3 41. Rd3 Re1 42. Nf3 Rc1 43. Nxg5 Rc2+ 44. Kg1 Rff2 45. Nf3 Rg2+ 46. Kh1 Rg3 47. Re3 Kf8 48. Ne2 Rxe2 49. Rxe2 Rxf3 50. Kg2 1/2-1/2

[Event "Harburg-chI 9th"]
[Site "Hamburg"]
[Date "2011.08.21"]
[Round "4"]
[White "Fruechtel, Thomas"]
[Black "Eppler, Alexander"]
[Result "0-1"]
[WhiteElo "991"]
[BlackElo "1308"]
[PlyCount "50"]
[EventDate "2011.08.19"]
[EventType "tourn"]
[EventRounds "5"]
[EventCountry "GER"]
[SourceTitle "EXT 2012"]
[Source "ChessBase"]
[SourceDate "2011.11.24"]
[SourceVersion "1"]
[SourceVersionDate "2011.11.24"]
[SourceQuality "1"]

1. e4 c5 2. Nf3 Nc6 3. Nc3 d6 4. d4 cxd4 5. Nxd4 g6 6. Bb5 Bd7 7. Nxc6 bxc6 8. Be2 Bg7 9. Bd2 Qb6 10. Rb1 e6 11. 0-0 d5 12. exd5 cxd5 13. Bf3 Ne7 14. Be3 Qc7 15. Bd4 Nf5 16. Bxg7 Nxg7 17. Qd4 0-0 18. a4 Nf5 19. Qd2 Rfc8 20. b3 Qxc3 21. Qxc3 Rxc3 22. Rbc1 Rac8 23. Rfd1 Rxc2 24. Rxc2 Rxc2 25. Be4 dxe4 0-1

[Event "Harburg-chI 9th"]
[Site "Hamburg"]
[Date "2011.08.19"]
[Round "1"]
[White "Eppler, Alexander"]
[Black "Pajeken, Jakob Leon"]
[Result "1-0"]
[WhiteElo "1308"]
[BlackElo "1158"]
[PlyCount "53"]
[EventDate "2011.08.19"]
[EventType "tourn"]
[EventRounds "5"]
[EventCountry "GER"]
[SourceTitle "EXT 2012"]
[Source "ChessBase"]
[SourceDate "2011.11.24"]
[SourceVersion "1"]
[SourceVersionDate "2011.11.24"]
[SourceQuality "1"]

1. e4 e5 2. Nf3 Nc6 3. Bb5 Bc5 4. 0-0 d6 5. c3 Nf6 6. d4 a6 7. Bxc6+ bxc6 8. dxc5 Nxe4 9. cxd6 cxd6 10. Qa4 Nf6 11. Qxc6+ Bd7 12. Qxd6 Rb8 13. Re1 Rb6 14. Rxe5+ Be6 15. Qxd8+ Kxd8 16. Nd4 Rd6 17. Be3 Re8 18. Nd2 Ng4 19. Nxe6+ Rdxe6 20. Rxe6 Rxe6 21. Nf1 Kc7 22. Rd1 f5 23. Bf4+ Kc8 24. f3 Nf6 25. Rd6 Re2 26. Nd2 Kb7 27. b4 1-0